LEADER 03026cam a2200709 a 4500
001 nkc20132500025
003 CZ PrNK
005 20240619070032.0
007 ta
008 130920s2013 xr a e c 000 0 slo
015 |a cnb002500025 
020 |a 978-80-263-0392-3  |q (kroužková vazba) 
035 |a (OCoLC)862713444 
040 |a ABA001  |b cze 
043 |a e-xo--- 
045 |a y1y1 
072 7 |a 72  |x Architektura  |2 Konspekt  |9 21 
080 |a 725.4  |2 MRF 
080 |a 332.33  |2 MRF 
080 |a 69.059.25  |2 MRF 
080 |a 69.01/.03:72.025.5  |2 MRF 
080 |a 72.012.2  |2 MRF 
080 |a (437.6)  |2 MRF 
080 |a (079)371.27  |2 MRF 
080 |a (083.82)  |2 MRF 
100 1 |a Dohňanská, Elena,  |d 1947-  |7 jo2013785446  |4 aut 
245 1 0 |a Brownfields Slovnaft :  |b príspevok Katedry architektúry SvF STU k revitalizácií výrobného areálu 2010-2012 /  |c autori Elena Dohňanská, Zuzana Nádaská, Margita Kubišová ; editor Richard Schlesinger 
246 1 |i Správný podnázev je:  |a Príspevok Katedry architektúry SvF STU k revitalizácii výrobného areálu 2010-2012 
246 1 4 |a BrownfieldsSlovnaft 
260 |a Brno :  |b Tribun EU,  |c 2013 
300 |a 22 l. :  |b il. ;  |c 21 x 30 cm 
610 2 7 |a Slovenská technická univerzita (Bratislava, Slovensko).  |b Katedra architektúry  |7 kn20131004006  |2 czenas 
610 2 7 |a Slovnaft (firma)  |7 xx0028035  |2 czenas 
648 7 |a 21. století  |7 ch460559  |2 czenas 
648 4 |a 2010-2012 
648 7 |a 2001-2020  |7 ch460601  |2 czenas 
650 0 7 |a průmyslové stavby  |7 ph124751  |z Slovensko  |2 czenas 
650 0 7 |a brownfields  |7 ph311256  |z Slovensko  |2 czenas 
650 0 7 |a revitalizace budov  |7 ph632346  |z Slovensko  |y 21. století  |2 czenas 
650 0 7 |a konverze staveb  |7 ph221977  |z Slovensko  |y 21. století  |2 czenas 
650 0 7 |a architektonické projekty  |7 ph137760  |z Slovensko  |y 2001-2020  |2 czenas 
650 0 9 |a industrial buildings  |z Slovakia  |2 eczenas 
650 0 9 |a brownfields  |z Slovakia  |2 eczenas 
650 0 9 |a building renewal  |z Slovakia  |y 21st century  |2 eczenas 
650 0 9 |a building conversion and renovation  |z Slovakia  |y 21st century  |2 eczenas 
650 0 9 |a architectural projects  |z Slovakia  |y 2001-2020  |2 eczenas 
651 7 |a Bratislava (Slovensko)  |7 ge128816  |2 czenas 
651 9 |a Bratislava (Slovakia)  |2 eczenas 
655 7 |a studentské práce  |7 fd186738  |2 czenas 
655 7 |a katalogy  |7 fd132535  |2 czenas 
655 9 |a student papers  |2 eczenas 
655 9 |a catalogs  |2 eczenas 
700 1 |a Nádaská, Zuzana  |7 jo2013785445  |4 aut 
700 1 |a Kubišová, Margita  |7 jo2013785444  |4 aut 
700 1 |a Schlesinger, Richard  |4 edt 
710 2 |a Slovenská technická univerzita (Bratislava, Slovensko).  |b Katedra architektúry  |7 kn20131004006 
910 2 |a BOA001  |b 4-1311.502 
990 |a BK 
995 |a 01 
991 |b 201310  |c NOV  |e n 
996 6 |b 2610566956  |c 4-1311.502  |l MZK  |r Sklad / do 1 hodiny  |n 1  |p p.v.  |w 001373781  |u 000010  |a 1  |e BOA001  |j MZK50  |s P 
996 7 |b 2610566957  |c 4-1311.502  |l MZK  |r Sklad / do 1 hodiny  |n 3  |p p.v.  |w 001373781  |u 000020  |a 1  |e BOA001  |j MZK50  |s A